000 02528nam a22003497a 4500
005 20100310105420.0
008 081022t xxu||||| |||| 00| 0 eng d
010 _aB-360855-861
020 _a0195687124
_c275.00
020 _a9780195687125
_c275.00
035 _aB-360855-861
037 _bUppal Book Store
040 _adpl
_bEnglish
082 _a782.42
245 _aTalking songs:
_bJaved Akhtar in conversation with Nasreen Munni Kabir and sisxty /selected songs by Javed Akhtar
_ctranslated by Nasreen Munni Kabir; foreword by Shabana Azmi
260 _aNew Delhi
_bOxford University Press
260 _c2009
270 _aYMCA, Library Building, Jai Singh Road,
_bNew Delhi
_e110001
300 _axix, 252p.
_c22cm(pbk)
500 _aIncludes index
700 _aNasreen Munni Kabir
700 _aShabana Azmi
942 _2ddc
_cEN
_h782.42
_mTAL
999 _c34545
_d34545